| 000 | 00687nam a2200217 a 4500 | ||
|---|---|---|---|
| 005 | 20210223124457.0 | ||
| 008 | 011018s2000 es r 000 0 spa d | ||
| 020 | _a8441509948 | ||
| 035 | _aUPN01000113230 | ||
| 049 | _aCG | ||
| 050 | 4 |
_aQA76.76 D3 _bC3.2 |
|
| 100 | 1 |
_aCantĂș, Marco _934877 |
|
| 245 | 1 | 3 |
_aLa biblia de Delphi 5 / _cMarco CantĂș. |
| 260 |
_aMadrid : _bAnaya Multimedia, _cc2000. |
||
| 300 |
_a927 p. : _bil. + _e1 CD-ROM : son., col. ; 4 3/4 plg. |
||
| 440 | 3 | _aLa biblia | |
| 650 | 4 |
_aDELPHI (ARCHIVO PARA COMPUTADORA) _912962 |
|
| 650 | 4 |
_aWINDOWS (PROGRAMAS PARA COMPUTADORA) _95928 |
|
| 650 | 4 |
_aPROGRAMAS PARA COMPUTADORA - _xDESARROLLO _910697 |
|
| 905 | _aLibro | ||
| 999 |
_c87138 _d87138 |
||